Nitrogen leaching in ecological agriculture

Uloženo v:
Podrobná bibliografie
Médium: Kniha
Jazyk:Undetermined
Vydáno: England Academic Publishers 1995
Témata:
Tagy: Přidat tag
Žádné tagy, Buďte první, kdo otaguje tento záznam!
Thư viện lưu trữ: Trung tâm Học liệu Trường Đại học Cần Thơ
LEADER 00437nam a2200157Ia 4500
001 CTU_38955
008 210402s9999 xx 000 0 und d
082 |a 631.8 
082 |b N728 
245 0 |a Nitrogen leaching in ecological agriculture 
260 |a England 
260 |b Academic Publishers 
260 |c 1995 
650 |a agriculture - ecology 
904 |i Liên, 000519 
980 |a Trung tâm Học liệu Trường Đại học Cần Thơ